| 000 | 00716nam a2200229 4500 | ||
|---|---|---|---|
| 003 | CO-ViMGA | ||
| 020 | _a8437605601 | ||
| 040 |
_aCO-ViMGA _bspa _cCO-ViMGA |
||
| 082 | 0 | 4 |
_a862.5 _bG17b |
| 100 | 1 |
_aGarcía Lorca, Federico. _96402 |
|
| 245 | 1 | 0 |
_aBodas de sangre : _bedición de Allen josephs y Juan Caballero. _cFederico García Lorca. |
| 250 | _a13a, ed. | ||
| 260 |
_aEspaña: _bCátedra, _c1998. |
||
| 300 |
_a167 p. : _bil. ; 18 cm. |
||
| 490 | _aColección letras hispánicas. | ||
| 650 | 1 | 4 |
_aFolclor - España - Novela. _96404 |
| 650 | 1 | 4 |
_aMuerte - Teatro. _96403 |
| 650 | 1 | 4 |
_aTeatro español. _93818 |
| 700 | 1 |
_aCaballero, Juan, _eed. _96406 |
|
| 700 | 1 |
_aJosephs, Allen, _eed. _96405 |
|
| 942 |
_2ddc _cBK |
||
| 999 |
_c37518 _d37518 |
||